Normal view
MARC view
- بريغش، محمد حسن
Entry Personal Name
001 - CONTROL NUMBER
- control field: 36277
003 - CONTROL NUMBER IDENTIFIER
- control field: JO-AjAnu
005 - DATE AND TIME OF LATEST TRANSACTION
- control field: 20230606080047.0
008 - FIXED-LENGTH DATA ELEMENTS
- fixed length control field: 230606|| aca||aabn | a|a d
040 ## - CATALOGING SOURCE
- Original cataloging agency: JO-AjAnu
- Transcribing agency: JO-AjAnu
100 ## - HEADING--PERSONAL NAME
- Personal name: بريغش، محمد حسن
670 ## - SOURCE DATA FOUND
- Source citation: Work cat.: (JO-AjAnu)18625: بريغش، محمد حسن, author, في القصة الإسلامية المعاصرة :دراسة وتطبيق